| 000 | 00309nam a2200121 i 4500 | ||
|---|---|---|---|
| 001 | bg | ||
| 245 | 0 |
_aLaboratorium miernictwa elektroenergetycznego / _cpod red.Z. Biernackiego. |
|
| 260 |
_aCzęstochowa, _c1981. |
||
| 040 | _cBPK | ||
| 041 | _apol | ||
| 942 | _cKS | ||
| 008 | s pl f |000 0 pol | ||
| 999 |
_c20423 _d20423 |
||
| 856 |
_uhttp://koha.tu.koszalin.pl/cgi-bin/koha/opac-detail.pl?biblionumber=20423 _yKatalog online BPK |
||